Distribución del género Ataenius Harold, 1867 en Mexico (coleptera: Scarabaeidae: Aphodiinae, Eupariini) (Registro nro. 13211)
[ vista simple ]
| 000 -CABECERA | |
|---|---|
| Campo de control | 004100000a22001210004500 |
| 090 ## - CLASIFICACIÓN LOCAL | |
| Colección | AR |
| Consecutivo | 04113 |
| 041 0# - IDIOMA | |
| Código de idioma para texto/pista de sonido o título separado | |
| 100 1# - ASIENTO PRINCIPAL--NOMBRE PERSONAL | |
| Nombre personal | Deloya, Cuauhtémoc |
| 245 10 - MENCION DE TITULO | |
| Título | Distribución del género Ataenius Harold, 1867 en Mexico (coleptera: Scarabaeidae: Aphodiinae, Eupariini) |
| 500 ## - NOTA GENERAL | |
| Nota general | <Literatura de escarabajos coprófagos> |
| 773 1# - Item fuente: | |
| Título | Acta Zoologica Mexicana |
| Descripción física | 61 |
| Paginas del Articulo | 43-56 |
| Lugar, editorial y fecha de publicación | 1994 |
| 942 ## - ELEMENTOS ADICIONALES (KOHA) | |
| Tipo de ítem | Artículo |
| Withdrawn status | Lost status | Damaged status | No para préstamo | Colección | Ubicación Permanente | Ubicación actual | Fecha de adquisición | Fuente de Valor | Datos de publicación Seriada | Total Checkouts | Número topográfico | Inventario / Código de Barras | Date last seen | Ejemplar | Price effective from | Forma de adquisición | Tipo de material |
|---|---|---|---|---|---|---|---|---|---|---|---|---|---|---|---|---|---|
| No para Préstamo | Hemeroteca | Bogotá | Bogotá | 25/10/2006 | Trujillo, Diego | Fuera de circulación | AR 04113 | 023528 | 25/03/2015 | 1 | 25/03/2015 | Artículo |